|
|
|
|
| LEADER |
00690nab a2200205 i 4500 |
| 001 |
misc64312 |
| 005 |
20230502153229.0 |
| 008 |
230124suuuu hu o 0|| ger d |
| 040 |
|
|
|a SZTE Miscellanea Repozitórium
|b hun
|
| 041 |
|
|
|a ger
|
| 041 |
|
|
|a chv
|
| 100 |
1 |
|
|a Pulod F.
|
| 245 |
1 |
4 |
|a Die Anfänge des tschuwaschischen Theaters
|h [elektronikus dokumentum] :
|b Tschuwaschischer Texte mit deutscher Übersetzung /
|c Pulod F.
|
| 300 |
|
|
|a 12 p.
|c 30 cm
|
| 561 |
|
|
|a Németh Gyula hagyaték
|
| 591 |
|
|
|a NOA 4723
|
| 650 |
|
4 |
|a Bölcsészettudományok
|
| 650 |
|
4 |
|a Nyelvek és irodalom
|
| 695 |
|
|
|a Csuvas nyelv
|
| 856 |
4 |
0 |
|u http://misc.bibl.u-szeged.hu/64312/1/4723_noa.pdf
|z Dokumentum-elérés
|